| 000 | 00508nam a22001817a 4500 | ||
|---|---|---|---|
| 003 | LK-CoMWRAF | ||
| 005 | 20230920111451.0 | ||
| 008 | 230830b1996 |||||||| |||| 00| 0 eng d | ||
| 020 | _a1881482030 | ||
| 040 |
_aLK-CoMWRAF _dLK-CoMWRAF _eLK-CoMWRAF |
||
| 041 | _aeng | ||
| 082 |
_a305.4 _bWOM |
||
| 245 |
_aWomen and human rights: _bthe basic documents |
||
| 260 |
_aNew York: _bCenter for the study of Human Rights, _c1996 |
||
| 300 |
_a251 p. _bIndex included |
||
| 650 | _aWOMEN-Human rights | ||
| 942 | _cBK | ||
| 999 |
_c3314 _d3314 |
||